| 000 | 00431nam a22001817a 4500 | ||
|---|---|---|---|
| 003 | CEME | ||
| 005 | 20210628205752.0 | ||
| 008 | 210316b xxu||||| |||| 00| 0 eng d | ||
| 020 | _a969-0-01203-7 | ||
| 040 | _c. | ||
| 082 | _a954.9144 AHM | ||
| 100 |
_aAhmad Ghazali _976970 |
||
| 245 | _aWadi-e-soon sakaisar | ||
| 260 |
_aLAHORE _bFEROZE SONS _c1993 |
||
| 300 | _a516P | ||
| 650 |
_aSOON SAKAISAR _976971 |
||
| 942 |
_cBK _2ddc |
||
| 999 |
_c582285 _d582285 |
||